01009 2200373 4500001002100000005001700021008004100038020002200079035002400101040001200125082001400137084001600151100002200167245010000189250001100289260003100300300003100331650002400362700001300386850001200399990001800411990001800429990001800447990001700465990001700482990001700499990001700516990001700533990001700550990001700567990001700584990001700601990001700618INLIS00000000001463520160720091639.0  a978-602-288-204-6 0010-101500000000369 aYOPDYOG 223a650.1 a650.1 Ris K aRISKIANA Sulaiman aKisah Inspiratif Orang-orang sukses melawan keterbatasanc/ Riskiana Sulaiman; Editor, Amarilia aCet. 1 aYogyakartabNoteBookc2015 a448 hlmb: ilus.c; 20 cm. aSukses Dalam Bisnis aAMARILIA aYOPDYOG a25585-PD/B.15 a25586-PD/B.15 a25587-PD/B.15 a5879-KS/B.16 a5880-KS/B.16 a5881-KS/B.16 a5882-KS/B.16 a5883-KS/B.16 a5884-KS/B.16 a5885-KS/B.16 a5886-KS/B.16 a5887-KS/B.16 a5888-KS/B.16